000 01111nam a22002657a 4500
005 20170124103121.0
010 _aB-034003
020 _c00.00
_a8174871985
035 _aB-034003
037 _bCen Lib/Ret
040 _aDPL
_bHN
082 _a304.6
_bहीराला
100 _aहीरालाल
_9113990
245 _aजनसंख्या भूगोल /
_cहीरालाल
246 _aJansankhya bhugol /
_bby Hiralal
260 _aनई दिल्ली
_bराधा पब्लिकेशन्स
_c2000
270 _a4378/4B, अंसारी रोड, दरियागंज
_bनई दिल्ली
_e110002
300 _axi,372पृ.
_c20सेमी(सजिल्द)
500 _aसंदर्भ शामिल
650 _aजनसंख्या वृध्दि
_91483
650 _aजनसंख्या -- वितरण एवं घनत्व
_9113991
650 _aPopulation growth
_915363
650 _aPopulation - distribution and density
_981987
942 _2ddc
_cHN
_h304.6
_mहीराला
999 _c118805
_d118805